1208 1707 1895 1929 1664 1516 1524 1853 1419 1130 1450 1172 1865 1914 1897 1527 1781 1104 1935 1221 1777 1522 1194 1546 1538 1442 1886 1003 1340 1010 1667 1342 1771 1122 1480 1304 1079 1557 1201 1888 1780 1728 1944 1415 1649 1520 1963 1763 1308 1440 1228 1044 1571 1582 1705 1512 1799 1149 1971 1026 1991 1936 1410 1688 1583 1506 1872 1118 1152 1214 1169 1341 1965 1712 1055 1556 1286 2000 1188 1414 1815 1581 1471 1128 1399 1479 1067 1538 1310 1969 1989 1411 1015 1971 1097 1975 1304 1598 1255 BCNSPRNW ULIB Ver.6.0+V

เปลี่ยนเป็นภาษาไทย

Change to English
 แสดงรายละเอียดบรรณานุกรม
  กลับหน้าหลัก

Brief Record : Get Marc (ISO 2709) : E-mail record : QR code < ปิดหน้าต่าง
LEADER : 00000nam 2200000uu 4500
001    13399120516
003     ULIB
008    120921s2549||||th 000 0 tha d
020    ^a9749443020 (เล่ม 2)
060 04 ^aWB935^bม530ม ล.2 2549
100 0  ^aมาศ ไม้ประเสริฐ
245 10 ^aมาดหมอแบบหมอมาศ 2 /^cมาศ ไม้ประเสริฐ ; เรียบเรียงโดย ป๋วยใจไทย
250    ^aพิมพ์ครั้งที่ 1
260    ^aกรุงเทพฯ :^bหมอมาศ,^c2549
300    ^a2 เล่ม :^bภาพประกอบ ;^c23 ซม.
650  7 ^aการรักษาด้วยธรรมชาติ
650  7 ^aโภชนบำบัด
650  7 ^aการดูแลสุขภาพด้วยตนเอง
650  7 ^aการดูแลตนเอง
650  7 ^aสุขภาพ
700 0  ^aป๋วย ใจไทย
945    ^p350^l0^i14144
995    ^aกัณชพร
999 ^a ใช้งานได้ทุกระบบ
รายการนี้ยังไม่มีแท็ก
คุณยังไม่ได้ล็อกอิน คุณสามารถมีกิจกรรมร่วมกับเว็บไซต์ได้ แต่ต้องล็อกอินก่อน ::
  ล็อกอิน

รายการสื่อสารสนเทศ

ลำดับที่ ประเภท เลขเรียก/บาร์โค้ด สถานที่ สถานะ
1. วิทยาศาสตร์การแพทย์ และสุขภาพ
วิทยาศาสตร์การแพทย์ และสุขภาพ
WB935 ม530ม ล.2 2549  
  Barcode: 14144
ห้องสมุดวิทยาเขตสวรรค์ประชารักษ์
►หนังสือทั่วไป
บนชั้น

รายการใกล้เคียง
    ผู้แต่ง [มาศ ไม้ประเสริฐ]

    หัวเรื่อง [การรักษาด้วยธรรมชาติ]
    หัวเรื่อง [โภชนบำบัด]
    หัวเรื่อง [การดูแลสุขภาพด้วยตนเอง]
    หัวเรื่อง [การดูแลตนเอง]
    หัวเรื่อง [สุขภาพ]

BibComment


ยังไม่เคยถูกคอมเมนท์

คอมเมนท์ทรัพยากรรายการนี้
  คอมเมนท์: มาดหมอแบบหมอมาศ ..


 Copyright 2026. Bcnsprnw @Library